Fr. Conceicao Rodrigues College of Engineering

Developing communication skills (Record no. 19617)

MARC details
000 -LEADER
fixed length control field 00395nam a2200181Ia 4500
082 ## - DEWEY DECIMAL CLASSIFICATION NUMBER
Item number MOH
100 ## - MAIN ENTRY--PERSONAL NAME
Personal name Mohan/Krishna/ Banerjee/Meera
250 ## - EDITION STATEMENT
Edition statement 2
245 ## - TITLE STATEMENT
Title Developing communication skills
260 ## - PUBLICATION, DISTRIBUTION, ETC.
Name of publisher, distributor, etc. Trinity
Date of publication, distribution, etc. 2009
366 ## - TRADE AVAILABILITY INFORMATION
Publishers's discount category 25
300 ## - PHYSICAL DESCRIPTION
Extent 388
546 ## - LANGUAGE NOTE
Language note ENGLISH
-- TTL
650 ## - SUBJECT ADDED ENTRY--TOPICAL TERM
Topical term or geographic name entry element Communication Skill
654 ## - SUBJECT ADDED ENTRY--FACETED TOPICAL TERMS
Focus term communication skill
942 ## - ADDED ENTRY ELEMENTS (KOHA)
Koha item type BOOK
Holdings
Withdrawn status Lost status Damaged status Not for loan Collection Home library Current library Date acquired Source of acquisition Cost, normal purchase price Inventory number Total Checkouts Full call number Barcode Date last seen Cost, replacement price Price effective from Koha item type
        CRC Fr. Agnel's C.Rodrigues College of Engineering Fr. Agnel's C.Rodrigues College of Engineering 17/03/2023 Allied Publisher 221.25 1236 dt 24.12.2015   MOH 23926 17/03/2023 295.00   BOOK